Municipalities of Toyama Prefecture - Statistics

General Stats
  • This quiz has been taken 325 times
  • The average score is 10 of 15
Answers on the Map
Answers color-coded by a green-red scale on the quiz's map according to % correct below.
 
Answer Stats
Answer % Correct
Toyama 富山
100%
Takaoka 高岡
89%
Himi 氷見
78%
Tonami 砺波
74%
Kurobe 黒部
73%
Nanto 南砺
73%
Imizu 射水
69%
Uozu 魚津
69%
Tateyama 立山
68%
Funahashi 舟橋
65%
Namerikawa 滑川
65%
Oyabe 小矢部
61%
Nyuzen 入善
56%
Asahi 朝日
55%
Kamiichi 上市
53%
No matching quizzes found
Score Distribution
Percent of People with Each Score
Percentile by Number Answered
Your Score History
You have not taken this quiz